000 00485nam a2200157 a 4500
001 000015937
005 20200929164217.0
008 100222s1955 dr 000 0 spa d
040 _aDO-SdBNP
082 _axxx
_bB265m
100 1 _aBaron Goico, Héctor
_930818
245 1 0 _aManual de derecho rural :
_bguía del alcalde pedáneo y el guardacampestre /
_cHéctor Baron Goico.
260 _aCiudad Trujillo :
_bEditora del Caribe,
_c1955.
300 _a81 p. ;
_c24 cm.
049 _aBNPD
999 _c15479
_d15479